Responses for show #728 - Wednesday, November 4, 1987

Kate Waits game 2.

Contestants

Elizabeth Costello, a program analyst from Syracuse, New York

Carmela Izzo, a caterer from Brooklyn, New York

Kate Waits, a law professor from Albany, New York (whose 1-day cash winnings total $14,201)

Jeopardy! Round responses

MAMMALS
MONEY
MUSIC
MEDICINES
MARTIAL ARTS
MISS MANNERS
    $100 7
Antarctica

Carmela
    $100 4
the pope

Kate
    $100 8
motion sickness

Elizabeth
    $100 25
karate

Triple Stumper
    $100 20
mimeographed (Xerox)

Elizabeth
    $200 16
(short) tail

Elizabeth
    $500 5
a,b,c,d, e, f & g

Kate
    $200 9
acne

Elizabeth
    $200 26
[The end-of-round signal sounds.]

intimidate (startle, frighten the opponent)

Elizabeth
    $200 21
(Alex: One minute to go in the round.)

an invitation to do so

Kate
    $300 17
(Carmela: What are horses?)

donkeys

CarmelaElizabeth
    $300 23
pounds

Triple Stumper
    $300 1
half notes

Kate
    $300 10
(hydrogen) peroxide

Elizabeth
    $300 13
white

Kate
    $300 6
diamonds

Elizabeth
    $400 18
4

Elizabeth
    $400 24
(Carmela: What is Germany?)

Poland

Carmela
Triple Stumper
    $400 2
viola

Kate
    $400 11
generic

Kate
    $400 14
(Kate: What is kung fu?)
(Elizabeth: What is shogun?)

ninja

KateElizabeth
Triple Stumper
    $400 12
(Elizabeth: What is a mink?)
(Carmela:What is a chinchilla?)

sable

KateCarmelaElizabeth
    $500 19
possums

Elizabeth
    $500 3
(Kate: What are madrigals?)

glees

Kate
Triple Stumper
    $500 15
(Carmela: What is yoga?)

tai chi

CarmelaElizabeth
    $500 22
Judith Martin

Kate

Scores at the first commercial break (after clue 12):

Kate Carmela Elizabeth
$1,600 -$300 $500

Scores at the end of the Jeopardy! Round:

Kate Carmela Elizabeth
$2,200 -$1,500 $2,300

Double Jeopardy! Round responses

MATHEMATICS
MYTHOLOGY
MAGAZINES
MELVILLE
(Alex: Herman Melville.)
MOVIE MAKERS
"MAY" DAY
    $200 22
25

Elizabeth
    $200 20
Thor

Kate
    $200 8
Good Housekeeping

Elizabeth
    $200 21
whipping (flogging)

Kate
    $200 6
Alfred Hitchcock

Kate
    $200 1
Elaine May

Kate
    $400 23
(Alex: We've got less than a minute to go in the round.)

6

Kate
    $400 24
Medusa

Elizabeth
    $400 9
(Alex: Only if it's printed.)

Reader's Digest

Elizabeth
    $400 7
pin setter

Carmela
    $400 5
(Carmela: Who was Harold Lloyd?)
(Kate: Who was Hal Roach?)
(Elizabeth:Who was Buster Keaton?)

Mack Sennett

KateCarmelaElizabeth
Triple Stumper
    $400 14
mayonnaise

Carmela
    $1,500 25
distance & time

Elizabeth
    $600 10
TV Guide

Kate
    $600 13
the Erie Canal

Elizabeth
    $1,500 4
(Alex: The film was Yentl.)

Barbra Streisand

Kate
    $600 15
"Maybe, Maybe, Maybe"

Carmela
    $800 26
googol

Elizabeth
    $800 11
The National Review

Kate
    $800 18
Boston Tea Party

Elizabeth
    $800 2
Orson Welles

Kate
    $800 16
Maggie May

Kate
    $1000 27
[The end-of-round signal sounds.]

Euclid

Carmela
    $1000 12
Esquire

Triple Stumper
    $1000 19
Billy Budd

Kate
    $1000 3
(Alex: Vivian Leigh said that.)

Elia Kazan

Kate
    $1000 17
mayhem

Triple Stumper

Scores at the end of the Double Jeopardy! Round:

Kate Carmela Elizabeth
$9,500 $500 $6,800

[wagering suggestions for these scores]

Final Jeopardy! Round responses

MONARCHS
CarmelaWho is Albert?
$500
ElizabethWho was Edward
$4,800
KateWho was George III?
$4,101
King George III

Final scores:

Kate Carmela Elizabeth
$13,601 $0 $2,000
2-day champion: $27,802 3rd place: Easy-Rest, Inc. reading chair 2nd place: Trip to Palm Springs

Game dynamics:

Coryat scores:

Kate Carmela Elizabeth
$8,300 $500 $5,900
21 R
(including 2 DDs),
3 W
5 R,
5 W
19 R
(including 1 DD),
3 W

Combined Coryat: $14,700

The J! Archive is created by fans, for fans. The Jeopardy! game show and all elements thereof, including but not limited to copyright and trademark thereto, are the property of Jeopardy Productions, Inc. and are protected under law. This website is not affiliated with, sponsored by, or operated by Jeopardy Productions, Inc. Join the discussion at JBoard.tv.